000 00595nam a2200205 i 4500
001 36746
003 ES-MaACL
005 20250831024530.0
007 t|
008 030219s1855 sp ||||1| spa d
100 1 _aBravo y Tudela, Antonio.
_931513
245 1 3 _aLa religión y el trono /
_cAntonio Bravo y Tudela.
260 _aMadrid :
_bE. Aguado,
_c1855.
300 _a32 p. ;
_c22 cm.
650 7 _aIglesia y Estado-
_zEspaña-
_yS.XIX
_2
_9149103
852 4 _aES-MaACL
_jT-25-F-13
852 4 _aES-MaACL
_jT-43-F-9
852 4 _aES-MaACL
_jT-43-F-16
999 _c36746
_d36746